| 000 | 00490nam a2200169 a 4500 | ||
|---|---|---|---|
| 001 | 3065 | ||
| 003 | CDMR | ||
| 005 | 20131118124440.0 | ||
| 008 | 130130s1940||||||||||||||||||||||||||||d | ||
| 040 |
_aCDMR _bcat _cCDMR |
||
| 100 | 1 |
_aÁlvarez Calvo, Joaquín _9806 |
|
| 245 | 1 | 0 |
_aEl Velón _b: diario de avisos y noticias 1809(?)-1879 : (Boceto histórico) _cpor Joaquín Álvarez Calvo |
| 260 |
_aBarcelona _c1940 _bLa Neotipia |
||
| 300 | _a15 p. | ||
| 490 | 0 | _aPeriodismo | |
| 942 |
_cFULLET _2udc |
||
| 999 |
_c3065 _d3065 |
||